|
|
|
|
| LEADER |
03003nam a22003973i 4500 |
| 001 |
EBC6695255 |
| 003 |
MiAaPQ |
| 005 |
20231204023218.0 |
| 006 |
m o d | |
| 007 |
cr cnu|||||||| |
| 008 |
231204s2014 xx o ||||0 ger d |
| 020 |
|
|
|a 9783839425046
|q (electronic bk.)
|
| 020 |
|
|
|z 9783837625042
|
| 035 |
|
|
|a (MiAaPQ)EBC6695255
|
| 035 |
|
|
|a (Au-PeEL)EBL6695255
|
| 035 |
|
|
|a (OCoLC)1013949973
|
| 040 |
|
|
|a MiAaPQ
|b eng
|e rda
|e pn
|c MiAaPQ
|d MiAaPQ
|
| 100 |
1 |
|
|a Yildiz, Erol.
|
| 245 |
1 |
0 |
|a Nach der Migration :
|b Postmigrantische Perspektiven jenseits der Parallelgesellschaft.
|
| 250 |
|
|
|a 1st ed.
|
| 264 |
|
1 |
|a Bielefeld :
|b transcript,
|c 2014.
|
| 264 |
|
4 |
|c ©2014.
|
| 300 |
|
|
|a 1 online resource (298 pages)
|
| 336 |
|
|
|a text
|b txt
|2 rdacontent
|
| 337 |
|
|
|a computer
|b c
|2 rdamedia
|
| 338 |
|
|
|a online resource
|b cr
|2 rdacarrier
|
| 490 |
1 |
|
|a Kultur & Konflikt ;
|v v.6
|
| 505 |
0 |
|
|a Cover -- Inhalt -- Einleitung -- Migration bewegt die Forschung -- Postmigrantische Perspektiven. Aufbruch in eine neue Geschichtlichkeit -- Politiken der (Un-)Sichtbarmachung. Eine Kritik der Wissens- und Bilderproduktionen zu Migration -- Die Hybridität von Minderheiten. Vom Störfaktor zum Trendsetter -- Kultur und Ökonomie - Betriebsprüfung und Ökonomie -- Migration bewegt die Stadt -- Mobilität und Diversität als Herausforderungen für eine inclusive city -- Hybride Manifestationen. Ottakringer Straße: Balkanmeile -- Shift the City. Transnationale Phänomene und Veränderungen durch Migration in der Stadt -- Lernende Aneignung von (urbaner) Diversität -- Postmigrantische Alltagspraxen von Jugendlichen -- »Da sind wir Deutsche, hier sind wir Türken. Das ist schon manchmal schwer.« Lebensstrategien Jugendlicher mit Migrationshintergrund in marginalisier ten Stadtteilen: Ein Perspektivwechsel -- Migration bewegt den Kulturbetrieb -- Migration und die museale Wissenskammer Von Evidenzen, blinden Flecken und Verhältnissetzungen -- Migratorische Kultur und Prekarität am Beispiel des Films »Import Export« -- Die Party geht weiter!. Migration im Jugendmagazin »Das biber mit scharf. Magazin für neue Österreicher« -- Postmigrantischer HipHop in Österreich Hybridität.. Sprache. Männlichkeit -- Bewegende Räume 12//schau. Räume in Klagenfurt und Villach zum Thema Aussiedelung heute und damals -- Autorinnen und Autoren.
|
| 588 |
|
|
|a Description based on publisher supplied metadata and other sources.
|
| 590 |
|
|
|a Electronic reproduction. Ann Arbor, Michigan : ProQuest Ebook Central, 2023. Available via World Wide Web. Access may be limited to ProQuest Ebook Central affiliated libraries.
|
| 655 |
|
4 |
|a Electronic books.
|
| 700 |
1 |
|
|a Hill, Marc.
|
| 776 |
0 |
8 |
|i Print version:
|a Yildiz, Erol
|t Nach der Migration
|d Bielefeld : transcript,c2014
|z 9783837625042
|
| 797 |
2 |
|
|a ProQuest (Firm)
|
| 830 |
|
0 |
|a Kultur & Konflikt
|
| 856 |
4 |
0 |
|u https://ebookcentral.proquest.com/lib/matrademy/detail.action?docID=6695255
|z Click to View
|